Football: Joueur africain de l'année - Statistiques

Statistiques générales
  • Ce quiz a été pris 304 fois
  • Le résultat moyen est 18 sur 49
Statistiques - réponses
Réponse % Correct
Mohamed Salah
93%
Sadio Mané
92%
Didier Drogba
90%
Samuel Eto'o
85%
Riyad Mahrez
80%
Yaya Touré
78%
George Weah
72%
Côte d'Ivoire
56%
Liverpool FC
56%
Sénégal
56%
Egypte
55%
Algérie
54%
Manchester city
53%
Cameroun
52%
Chelsea
51%
FC Barcelone
51%
Inter Milan
44%
Pierre-Emerick Aubameyang
43%
Leicester City
41%
Maroc
41%
Abedi Pelé
38%
Bayern Munich
38%
Libéria
35%
Nigéria
35%
Olympique de Marseille
35%
Ghana
32%
AC Milan
30%
Arsenal
29%
Gabon
28%
Borussia Dortmund
27%
Emmanuel Adebayor
26%
El-hadji Diouf
24%
Mali
23%
Togo
18%
Nwankwo Kanu
15%
Mustapha Hadji
14%
Real Majorque
14%
Frédéric Kanouté
10%
FC Séville
7%
RC Lens
7%
Patrick Mboma
6%
AS Monaco
5%
Emmanuel Amunike
4%
Rashidi Yekini
4%
Victor Ikpeba
4%
Deportivo La Corogne
2%
Parme AC
2%
Sporting Lisbonne
2%
Vitoria Setubal
1%
Aucun quiz correspondant
Distribution des résultats
% des personnes avec chaque résultat
Percentile par nombre de réponses
Votre historique - résultats
Vous n’avez pas pris ce quiz